Variaciones sobre la presunción de inocencia: análisis funcional desde el Derecho Penal

Guardat en:
Dades bibliogràfiques
Autor principal: Sánchez-Vera Gómez-Trelles, Javier (Autor)
Format: Llibre
Idioma:espanyol
Publicat: Madrid Marcial Pons 2012
Edició:1a. ed
Col·lecció:Derecho Penal y Criminología
Matèries:
Etiquetes: Afegir etiqueta
Sense etiquetes, Sigues el primer a etiquetar aquest registre!

MARC

LEADER 00000cam a2200000 a 4500
001 UCE2046
003 CL-VaPUC
008 140605e20120000sp |||||||||||||||||spa|d
020 |a 9788497687379 
082 0 4 |a 347.064  |b SAN  |2 21 
100 |a Sánchez-Vera Gómez-Trelles, Javier  |e author  |9 574521 
245 1 0 |a Variaciones sobre la presunción de inocencia: análisis funcional desde el Derecho Penal 
250 |a 1a. ed 
300 |a 257 p 
942 |c BK 
945 |d 20140605 14:22:00  |a dcastane 
260 |a Madrid  |b Marcial Pons  |c 2012 
650 0 |a Presunción de inocencia  |9 467635 
650 0 |a Prueba  |9 256247 
650 7 |a DERECHO PENAL  |2 CL-VaPUC  |9 11 
583 |a last modification  |c 20140605 14:22:00  |k Rodrigo Vera 
490 0 |a Derecho Penal y Criminología 
999 |c 355725  |d 355723 
952 |0 0  |1 0  |3 erb  |4 0  |6 347_064000000000000_SAN_2012  |7 0  |8 A  |9 462558  |a BIBDER  |b BIBDER  |i 5082153  |o 347.064 SAN 2012  |p 5082153  |r 2023-01-25  |w 2019-11-23  |y BK  |z Catalogado en:20140605  |k DER